LEADER 00922nam a2200241 i 4500 001 991003366269707536 005 20021212150626.0 008 021129s|||| it ||| | ita 035 $ab11796911-39ule_inst 035 $aLE02378521$9ExL 040 $aDip.to Studi Storici$bita 082 0 $a338.7 100 1 $aAlaimo, Aurelia$0531001 245 13$aUn'altra industria? Distretti e sistemi locali nell'Italia contemporanea /$cAurelia Alaimo 260 $aMilano :$bFranco Angeli,$c2002 300 $a223 p. ;$c23 cm. 650 4$aIndustria$zItalia$xStoria 907 $a.b11796911$b21-09-06$c12-12-02 912 $a991003366269707536 945 $aLE023 338.7 ALA 1 1$g1$i2023000056905$lle023$o-$pE0.00$q-$rl$s- $t0$u2$v0$w2$x0$y.i12044854$z12-12-02 996 $aAltra industria? Distretti e sistemi locali nell'Italia contemporanea$9908247 997 $aUNISALENTO 998 $ale023$b01-01-02$cm$da $e-$fita$git $h3$i1 LEADER 01716nam 2200493Ka 450 001 9910698842203321 005 20250409163014.0 035 $a(CKB)5470000002397445 035 $a(OCoLC)327637465 035 $a(EXLCZ)995470000002397445 100 $a20090520d1987 ua 0 101 0 $aeng 181 $ctxt$2rdacontent 182 $cc$2rdamedia 183 $acr$2rdacarrier 200 10$aSpace station Mission Planning System (MPS) development study $efinal report /$fprepared by W.J. Klus 210 1$aHuntsville, AL :$cMcDonnell Douglas Astronautics Company, Huntsville Division :$cNational Aeronautics and Space Administration, George C. Marshall Space Flight Center,$d[1987] 215 $a1 volume 225 1 $aNASA-CR ;$v179200 300 $aTitle from title screen (viewed May 19, 2009) 327 $av. 2. Technical report. 517 $aSpace station Mission Planning System 606 $aArtificial intelligence$2nasat 606 $aComputer programming$2nasat 606 $aMission planning$2nasat 606 $aRequirements$2nasat 606 $aSoftware engineering$2nasat 606 $aSpace stations$2nasat 606 $aSpacelab payloads$2nasat 615 7$aArtificial intelligence. 615 7$aComputer programming. 615 7$aMission planning. 615 7$aRequirements. 615 7$aSoftware engineering. 615 7$aSpace stations. 615 7$aSpacelab payloads. 700 $aKlus$b W. J$01404428 712 02$aGeorge C. Marshall Space Flight Center. 801 0$bGPO 801 1$bGPO 906 $aBOOK 912 $a9910698842203321 996 $aSpace station Mission Planning System (MPS) development study$93478971 997 $aUNINA